| 000 | 01574cam a2200409 4500 | ||
|---|---|---|---|
| 020 | _a0133172481 | ||
| 082 | 0 | 0 |
_a624.171 _bGAL _cL-26,P-72 |
| 100 | 1 |
_aGallagher, Richard H. _91144 |
|
| 245 | 1 | 0 |
_aFinite element analysis: fundamentals _c[by] Richard H. Gallagher. |
| 260 |
_aEnglewood Cliffs, N.J., _bPrentice-Hall _c[1974, c1975] |
||
| 300 |
_axix, 420 p. _billus. _c24 cm. |
||
| 490 | 0 | _aPrentice-Hall civil engineering and engineering mechanics series | |
| 526 |
_a0 _b0 _c0 _d624_171000000000000_GAL |
||
| 526 |
_a0 _b0 _c0 _d624_171000000000000_GAL |
||
| 526 |
_a0 _b0 _c0 _d624_171000000000000_GAL |
||
| 526 |
_a0 _b0 _c0 _d624_171000000000000_GAL |
||
| 526 |
_a0 _b0 _c0 _d624_171000000000000_GAL |
||
| 526 |
_a0 _b0 _c0 _d624_171000000000000_GAL |
||
| 526 |
_a0 _b0 _c0 _d624_171000000000000_GAL |
||
| 526 |
_a0 _b0 _c0 _d624_171000000000000_GAL |
||
| 526 |
_a0 _b0 _c0 _d624_171000000000000_GAL |
||
| 526 |
_a0 _b0 _c0 _d624_171000000000000_GAL |
||
| 526 |
_a0 _b0 _c0 _d624_171000000000000_GAL |
||
| 526 |
_a0 _b0 _c0 _d624_171000000000000_GAL |
||
| 526 |
_a0 _b0 _c0 _d624_171000000000000_GAL |
||
| 526 |
_a0 _b0 _c0 _d624_171000000000000_GAL |
||
| 526 |
_a0 _b0 _c0 _d624_171000000000000_GAL |
||
| 526 |
_a0 _b0 _c0 _d624_171000000000000_GAL |
||
| 526 |
_a0 _b0 _c0 _d624_171000000000000_GAL |
||
| 526 |
_a0 _b0 _c0 _d624_171000000000000_GAL |
||
| 526 |
_a0 _b0 _c0 _d624_171000000000000_GAL |
||
| 526 |
_a0 _b0 _c0 _d624_171000000000000_GAL |
||
| 650 | 0 |
_aFinite element method. _91938 |
|
| 650 | 0 |
_aMCE _9379 |
|
| 650 | 0 |
_aStructural analysis (Engineering) _9654 |
|
| 942 |
_2ddc _cBK |
||
| 999 |
_c543468 _d543468 |
||